Maisons noble dans Game of Thrones (ASOIAF) : Le Conflans - Statistiques

Statistiques générales
  • Ce quiz a été pris 42 fois
  • Le résultat moyen est 16 sur 121
Statistiques - réponses
Hint Réponse % Correct
Maison suzeraine Tully
100%
Maison suzeraine Vivesaigues
81%
Maisons vassales Frey
70%
Maisons vassales Les Jumeaux
59%
Maison suzeraine Une truite argentée sautant sur champ bleu et rouge
59%
Maisons vassales Bracken
57%
Maisons vassales Nerbosc
51%
Maison suzeraine Family, Duty, Honor / Famille, Devoir, Honneur
46%
Maisons vassales | Maisons éteintes Harrenhal
43%
Maisons vassales Mallister
41%
Maisons vassales Mouton
38%
Maisons éteintes Cinq tours noires sur champ blanc, un double trescheur de rouge et de noir
35%
Maisons vassales Salvemer
30%
Maisons vassales Whent
30%
Maisons éteintes Fort
24%
Maisons vassales Une aigle d'argent éployée sur champ indigo
22%
Maisons vassales Un écusson noir chargé d'un barral blanc sur un champ de gueule semé de corbeaux noirs prenant leur essor
22%
Maisons vassales Corneilla
19%
Maisons vassales Deux tours jumelles bleues sur un champ gris argenté
19%
Maisons vassales Piper
19%
Maisons vassales Darry
16%
Maisons vassales Un saumon rouge sur champ blanc, un trescheur doré
16%
Maisons de statut inconnu Van
16%
Maisons vassales Viergétang
16%
Maisons vassales Haye-Pierre
14%
Maisons éteintes Herpivoie
14%
Maisons vassales La Glandée
14%
Maisons éteintes Une chauve-souris noire sur tranché d'argent et d'or
14%
Maisons vassales Petibois
11%
Maisons de chevaliers | Maisons de statut inconnu Salins
11%
Maisons éteintes Taillé rayonnant d'orangé et de noir chargé d'un château contre-chargé
11%
Maisons éteintes Tourelles
11%
Maisons vassales Un écusson doré chargé d'un étalon rouge, sur champ marron
11%
Maisons vassales Darry-le-château
8%
Maisons éteintes Lothston
8%
Maisons vassales Neuf chauves-souris noires, 4-3-2, sur champ jaune
8%
Maisons vassales Wisdom and Strength / Sagesse et Force
8%
Maisons vassales Above the Rest / Au-dessus du reste
5%
Maisons vassales Beurpuits
5%
Maisons de chevaliers Cox
5%
Maisons éteintes D'alluve
5%
Maisons de chevaliers Foin
5%
Maisons de statut inconnu Grell
5%
Maisons de chevaliers Heddle
5%
Maisons éteintes Lejuste
5%
Maisons vassales Lord Herpivoie-Ville
5%
Maisons vassales Murs-blancs
5%
Maisons de chevaliers Paege
5%
Maisons éteintes Pescheur
5%
Maisons éteintes Qoherys
5%
Maisons de chevaliers Quenenny
5%
Maisons vassales Racin
5%
Maisons vassales Six glands marrons, 3-2-1, sur champ jaune
5%
Maisons éteintes Une couronne dorée sertie d'émeraudes sur champ brun-rouge
5%
Maisons éteintes Un trident doré dressé sur champ noir flanqué d'or
5%
Maisons vassales Vance d'Atranta
5%
Maisons éteintes Vieilles-Pierres
5%
Maisons vassales Vyprin
5%
Maisons vassales Atranta
3%
Maisons vassales Bel Accueil
3%
Maisons de statut inconnu Blatane
3%
Maisons vassales Bonru
3%
Maisons vassales Brave and Beautiful / Braves et Beaux
3%
Maisons éteintes Brume-Isle
3%
Maisons de statut inconnu Chambers
3%
Maisons vassales Charlton
3%
Maisons vassales Château-Rosières
3%
Maisons de statut inconnu Chauney
3%
Maisons de statut inconnu Coupé d'un parti de deux traits, de bleu, de rouge et de vert, et d'un poisson-chat gris sur champ noir
3%
Maisons éteintes Croche
3%
Maisons vassales Desdaings
3%
Maisons de statut inconnu Des feuilles d'érable, vertes et marron, jonchées sur champ jaune
3%
Maisons de statut inconnu Des mouettes blanches semées sur champ bleu
3%
Maisons de chevaliers Deux serpents géminés, rouge et blanc, sur champ noir
3%
Maisons de statut inconnu Écartelé en sautoir de pourpre et d'or chargé de quatre têtes de faucon contre-chargées
3%
Maisons vassales Écartelé : un dragon noir sur champ blanc, deux yeux dorés dans un anneau doré sur champ noir
3%
Maisons vassales Écartelé : un dragon vert sur champ blanc, une tour blanche sur champ noir
3%
Maisons de statut inconnu Équipolé d'un poisson blanc sur champ gris et d'un hameçon doré sur champ blanc
3%
Maisons de statut inconnu Erongué
3%
Maisons vassales From These Beginnings / De ces commencements
3%
Maisons de statut inconnu Gris
3%
Maisons de chevaliers Guède
3%
Maisons de statut inconnu Hautepierre
3%
Maisons de statut inconnu Hawick
3%
Maisons de statut inconnu Keath
3%
Maisons de statut inconnu Lolliston
3%
Maisons vassales Lychester
3%
Maisons éteintes Noyx
3%
Maisons vassales Ondé de vert, de blanc et de jaune
3%
Maisons de statut inconnu Perryn
3%
Maisons de statut inconnu Quatre roues contre-chargées sur champ écartelé de bleu et de blanc
3%
Maisons de statut inconnu Ryger
3%
Maisons de chevaliers Sorcefangier
3%
Maisons éteintes Teague
3%
Maisons de statut inconnu Terrique
3%
Maisons de chevaliers Touch me not / Ne me touchez pas
3%
Maisons de statut inconnu Trois barils de chêne sur champ blanc
3%
Maisons vassales Trois branches de gui, rouge et vert, sur champ d'or bordé de vert
3%
Maisons de chevaliers Trois hérissons blancs sur champ jaune
3%
Maisons vassales Un cheval à deux têtes, marron, sur champ ondé de vert et de vert
3%
Maisons vassales Un crapaud noir sur une feuille de nénuphar blanc, sur champ vert
3%
Maisons éteintes Une balance dorée sur champ blanc bordé d'un double-trescheur bleu
3%
Maisons de statut inconnu Une bande blanche chargée de trois merlettes rouges sur champ bleu
3%
Maisons vassales Une bande ondée bleue sur champ d'or
3%
Maisons de chevaliers Une barre dorée chargée d'une fourche noire sur champ noisette
3%
Maisons vassales Une serre sur champ gironné d'orange et de blanc
3%
Maisons vassales Une vierge dansante, rose dans une spirale de soie blanche, sur champ bleu
3%
Maisons de statut inconnu Un héron doré, becqué et membré de noir, un poisson argenté dans le bec, sur champ rose
3%
Maisons vassales Un laboureur noir sur champ marron
3%
Maisons éteintes Un pal parti de deux traits, de bleu, de rouge et de vert sur champ blanc
3%
Maisons éteintes Un poisson-chat couronné, moucheté de gris sur champ bleu
3%
Maisons de statut inconnu Un saule pleureur vert sur champ blanc
3%
Maisons éteintes Un sautoir de flammes rouges et jaunes cantonné de quatre crânes blancs sur champ noir
3%
Maisons vassales Vance de Bel Accueil
3%
Maisons de statut inconnu Willow Wood
3%
Aucun quiz correspondant
Distribution des résultats
% des personnes avec chaque résultat
Percentile par nombre de réponses
Votre historique - résultats
Vous n’avez pas pris ce quiz